Classism and quality (Record no. 64148)

MARC details
000 -CABECERA
campo de control de longitud fija 00646nam a2200241 a 4500
005 - FECHA Y HORA DE LA ÚLTIMA TRANSACCIÓN
campo de control 20210219152933.0
008 - ELEMENTOS DE LONGITUD FIJA--INFORMACIÓN GENERAL
campo de control de longitud fija 991125n 000 0 u
035 ## - NÚMERO DE CONTROL DEL SISTEMA
Número de control de sistema UPN01000067695
100 ## - ASIENTO PRINCIPAL--NOMBRE PERSONAL
Nombre de persona Carothers, Robert L.
222 ## - TÍTULO CLAVE
Título clave NEW DIRECTIONS FOR INSTITUTIONAL RESEARCH
245 ## - MENCIÓN DE TÍTULO
Título Classism and quality
300 ## - DESCRIPCIÓN FÍSICA
Extensión 13-15
362 ## - FECHAS DE PUBLICACIÓN Y/O DESIGNACIÓN SECUENCIAL
Fecha de publicación y/o designación secuencial No. 78, 1993
505 ## - NOTA DE CONTENIDO CON FORMATO PREESTABLECIDO
Nota de contenido con formato Octubre 1993
653 0# - TERMINO DE INDIZACION - NO CONTROLADO
Término no controlado CLASES SOCIALES
653 0# - TERMINO DE INDIZACION - NO CONTROLADO
Término no controlado CLIMA ORGANIZACIONAL
653 0# - TERMINO DE INDIZACION - NO CONTROLADO
Término no controlado CONTROL DE CALIDAD
653 0# - TERMINO DE INDIZACION - NO CONTROLADO
Término no controlado CAMBIO ORGANIZACIONAL
653 0# - TERMINO DE INDIZACION - NO CONTROLADO
Término no controlado SISTEMAS DE DIRECCION
700 ## - ASIENTO SECUNDARIO--NOMBRE DE PERSONAL
Nombre de persona Sevigny, Mary Lou
904 ## - ELEMENTOS DE DATOS D LOCAL, LDD (RLIN)
a AC
b 005506
905 ## - TIPO DE MATERIAL
Tipo de material Articulo

No items available.